PROFESSIONAL STANDARDS FOR FROFETION (Record no. 11302)

MARC details
000 -LEADER
fixed length control field 01776nam a22001217a 4500
003 - CONTROL NUMBER IDENTIFIER
control field SGT
082 ## - DEWEY DECIMAL CLASSIFICATION NUMBER
Classification number 340,ICR
100 ## - MAIN ENTRY--PERSONAL NAME
Personal name ICRC
245 ## - TITLE STATEMENT
Title PROFESSIONAL STANDARDS FOR FROFETION
260 ## - PUBLICATION, DISTRIBUTION, ETC. (IMPRINT)
Place of publication, distribution, etc NEW DELHI
Name of publisher, distributor, etc ICRC
Year of Publication 2013
300 ## - PAGE DESCRIPTION
No. of Pages 114
942 ## - ADDED ENTRY ELEMENTS (KOHA)
Source of classification or shelving scheme Dewey Decimal Classification
Koha item type Books

No items available.